Normal view
MARC view
- O'Leary, Timothy J.,O'LEARY, LINDA .I
Entry Personal Name
001 - CONTROL NUMBER
- control field: 55698
003 - CONTROL NUMBER IDENTIFIER
- control field: NUST
005 - DATE AND TIME OF LATEST TRANSACTION
- control field: 20210628201531.0
008 - FIXED-LENGTH DATA ELEMENTS
- fixed length control field: 210628|| aca||aabn | a|a d
040 ## - CATALOGING SOURCE
- Original cataloging agency: NUST
- Transcribing agency: NUST
100 ## - HEADING--PERSONAL NAME
- Personal name: O'Leary, Timothy J.,O'LEARY, LINDA .I
- Dates associated with a name: 1947-
670 ## - SOURCE DATA FOUND
- Source citation: Work cat.: (NUST): O'Leary, Timothy J.,O'LEARY, LINDA .I 1947-, Computing today , c2004.
